Príprava a realizácia ďalšieho vzdelávania pracovníkov vedúca k zvyšovaniu kvalifikácie : Diplomová práca

Salvato in:
Dettagli Bibliografici
Autore principale: Ondrejec, Marián (Autore)
Altri autori: Kapoun, Ľubomír (xxx)
Natura: Manoscritto Libro
Lingua:slovacco
Pubblicazione: Trnava : STU v Bratislave MtF KMK, 1998
Soggetti:
Tags: Aggiungi Tag
Nessun Tag, puoi essere il primo ad aggiungerne!!

MARC

LEADER 00000ntm a22000003a 4500
001 stu55422
005 20160719155151.7
008 001026s1998----xo------------------slo-d
040 |a STU  |b slo 
041 0 |a slo 
044 |a xo 
100 1 |a Ondrejec, Marián  |4 aut 
245 1 |a Príprava a realizácia ďalšieho vzdelávania pracovníkov vedúca k zvyšovaniu kvalifikácie :  |b Diplomová práca 
260 |a Trnava :  |b STU v Bratislave MtF KMK,  |c 1998 
300 |a 71 s  |c výťah 
650 7 |a vzdelávanie pracovníkov  |2 stusub 
650 7 |a manažment priemyselných podnikov  |2 stusub 
700 1 |a Kapoun, Ľubomír  |4 xxx 
996 |b 284M025185  |c M*DP-538  |l MMSKP  |s P  |a 0  |w stu55422_0001